[Event "Stay Safe Play From Home 173"]
[Site "T#646330Emanuel Laske"]
[Date "2020.05.25"]
[Round "8"]
[White "Fischer_11"]
[Black "SoulofWolf"]
[Result "0-1"]
[WhiteElo "1911"]
[BlackElo "2221"]
[Annotator "NA"]
[PlyCount "108"]
[EventDate "2020.05.25"]
[EventType "swiss (blitz)"]

1. e4 {[%emt 0:00:03]} e6 {[%emt 0:00:00]} 2. d4 {[%emt 0:00:01]} c5 {[%emt 0:00:00]} 3. c3 {[%emt 0:00:01]} b6 {[%emt 0:00:01]} 4. Bd3 {[%emt 0:00:02]} Bb7 {[%emt 0:00:00]} 5. Nf3 {[%emt 0:00:00]} d6 {[%emt 0:00:01]} 6. Qe2 {[%emt 0:00:00]} Ne7 {[%emt 0:00:00]} 7. O-O {[%emt 0:00:00]} Nd7 {[%emt 0:00:00]} 8. Bg5 {[%emt 0:00:01]} f6 {[%emt 0:00:01]} 9. Bh4 {[%emt 0:00:01]} Nc6 {[%emt 0:00:01]} 10. Nbd2 {[%emt 0:00:01]} Be7 {[%emt 0:00:00]} 11. d5 {[%emt 0:00:01]} exd5 {[%emt 0:00:02]} 12. exd5 {[%emt 0:00:00]} Nce5 {[%emt 0:00:00]} 13. c4 {[%emt 0:00:03]} O-O {[%emt 0:00:01]} 14. b3 {[%emt 0:00:01]} Nxd3 {[%emt 0:00:01]} 15. Qxd3 {[%emt 0:00:01]} Ne5 {[%emt 0:00:00]} 16. Nxe5 {[%emt 0:00:01]} fxe5 {[%emt 0:00:00]} 17. Bxe7 {[%emt 0:00:02]} Qxe7 {[%emt 0:00:00]} 18. Rae1 {[%emt 0:00:03]} Bc8 {[%emt 0:00:00]} 19. f4 {[%emt 0:00:01]} Bf5 {[%emt 0:00:01]} 20. Qe3 {[%emt 0:00:02]} Rae8 {[%emt 0:00:06]} 21. fxe5 {[%emt 0:00:01]} Bc2 {[%emt 0:00:05]} 22. e6 {[%emt 0:00:04]} Bg6 {[%emt 0:00:06]} 23. Ne4 {[%emt 0:00:03]} h6 {[%emt 0:00:02]} 24. h3 {[%emt 0:00:03]} Bf5 {[%emt 0:00:02]} 25. Qf4 {[%emt 0:00:04]} Rd8 {[%emt 0:00:03]} 26. Qe3 {[%emt 0:00:05]} g5 {[%emt 0:00:04]} 27. Kh2 {[%emt 0:00:01]} Kg7 {[%emt 0:00:02]} 28. Ng3 {[%emt 0:00:01]} Bg6 {[%emt 0:00:01]} 29. Rxf8 {[%emt 0:00:01]} Rxf8 {[%emt 0:00:00]} 30. Rf1 {[%emt 0:00:00]} Rxf1 {[%emt 0:00:01]} 31. Nxf1 {[%emt 0:00:00]} Bb1 {[%emt 0:00:02]} 32. a3 {[%emt 0:00:02]} Bc2 {[%emt 0:00:01]} 33. Ng3 {[%emt 0:00:00]} Bg6 {[%emt 0:00:01]} 34. Qf3 {[%emt 0:00:02]} Qf6 {[%emt 0:00:02]} 35. Qxf6+ {[%emt 0:00:01]} Kxf6 {[%emt 0:00:00]} 36. Kg1 {[%emt 0:00:01]} h5 {[%emt 0:00:00]} 37. Kf2 {[%emt 0:00:00]} h4 {[%emt 0:00:00]} 38. Ne2 {[%emt 0:00:02]} Bc2 {[%emt 0:00:00]} 39. Ke3 {[%emt 0:00:00]} Bxb3 {[%emt 0:00:01]} 40. Kd3 {[%emt 0:00:02]} Ba2 {[%emt 0:00:01]} 41. Kc3 {[%emt 0:00:00]} Bb1 {[%emt 0:00:00]} 42. Ng1 {[%emt 0:00:01]} Be4 {[%emt 0:00:00]} 43. Nf3 {[%emt 0:00:00]} g4 {[%emt 0:00:02]} 44. Nxh4 {[%emt 0:00:01]} gxh3 {[%emt 0:00:01]} 45. gxh3 {[%emt 0:00:00]} Bh7 {[%emt 0:00:01]} 46. Nf3 {[%emt 0:00:00]} Ke7 {[%emt 0:00:00]} 47. Nd2 {[%emt 0:00:01]} Bf5 {[%emt 0:00:01]} 48. Ne4 {[%emt 0:00:01]} Bxh3 {[%emt 0:00:00]} 49. Ng3 {[%emt 0:00:00]} Bg4 {[%emt 0:00:01]} 50. Kd3 {[%emt 0:00:00]} Bf3 {[%emt 0:00:01]} 51. Ke3 {[%emt 0:00:00]} Bg4 {[%emt 0:00:00]} 52. Kf4 {[%emt 0:00:00]} Bf5 {[%emt 0:00:00]} 53. Kg5 {[%emt 0:00:00]} Bd3 {[%emt 0:00:00]} 54. Nf5+ {[%emt 0:00:00]} Ke8 {[%emt 0:00:01] Zeit (Lag: Av=0.32s, max=0.7s)} 0-1

[Event "Stay Safe Play From Home 173"]
[Site "T#646330Emanuel Laske"]
[Date "2020.05.25"]
[Round "8"]
[White "Lucknow"]
[Black "Aktürk"]
[Result "1-0"]
[WhiteElo "1879"]
[BlackElo "1465"]
[Annotator "NA RC"]
[PlyCount "75"]
[EventDate "2020.05.25"]
[EventType "swiss (blitz)"]

1. d4 {[%emt 0:00:01]} e6 {[%emt 0:00:00]} 2. c4 {[%emt 0:00:00]} Qf6 {[%emt 0:00:01]} 3. Nf3 {[%emt 0:00:00]} Qg6 {[%emt 0:00:01]} 4. e3 {[%emt 0:00:02]} Nc6 {[%emt 0:00:01]} 5. Nc3 {[%emt 0:00:01]} Nb4 {[%emt 0:00:01]} 6. e4 {[%emt 0:00:01]} d5 {[%emt 0:00:02]} 7. a3 {[%emt 0:00:01]} Na6 {[%emt 0:00:04]} 8. Qd3 {[%emt 0:00:03]} dxe4 {[%emt 0:00:01]} 9. Qxe4 {[%emt 0:00:01]} Qxe4+ {[%emt 0:00:01]} 10. Nxe4 {[%emt 0:00:01]} c6 {[%emt 0:00:01]} 11. Be2 {[%emt 0:00:01]} Nc7 {[%emt 0:00:01]} 12. O-O {[%emt 0:00:01]} Nf6 {[%emt 0:00:01]} 13. Nxf6+ {[%emt 0:00:01]} gxf6 {[%emt 0:00:01]} 14. Be3 {[%emt 0:00:00]} f5 {[%emt 0:00:01]} 15. Bd3 {[%emt 0:00:02]} Bd7 {[%emt 0:00:01]} 16. Bf4 {[%emt 0:00:01]} Na6 {[%emt 0:00:02]} 17. Ne5 {[%emt 0:00:00]} f6 {[%emt 0:00:03]} 18. Nf3 {[%emt 0:00:01]} e5 {[%emt 0:00:02]} 19. dxe5 {[%emt 0:00:01]} fxe5 {[%emt 0:00:01]} 20. Nxe5 {[%emt 0:00:01]} Rg8 {[%emt 0:00:02]} 21. Nxd7 {[%emt 0:00:03]} Kxd7 {[%emt 0:00:02]} 22. Bxf5+ {[%emt 0:00:01]} Ke7 {[%emt 0:00:03]} 23. Bxh7 {[%emt 0:00:02]} Rg7 {[%emt 0:00:02]} 24. Rfe1+ {[%emt 0:00:02]} Kd7 {[%emt 0:00:03]} 25. Bc2 {[%emt 0:00:01]} Nc5 {[%emt 0:00:02]} 26. Bf5+ {[%emt 0:00:02]} Kd8 {[%emt 0:00:02]} 27. Rad1+ {[%emt 0:00:01]} Bd6 {[%emt 0:00:04]} 28. Rxd6+ {[%emt 0:00:03]} Rd7 {[%emt 0:00:01]} 29. Bxd7 {[%emt 0:00:02]} Nxd7 {[%emt 0:00:01]} 30. Red1 {[%emt 0:00:00]} Kc7 {[%emt 0:00:01]} 31. Rxd7+ {[%emt 0:00:01]} Kb6 {[%emt 0:00:00]} 32. Bc7+ {[%emt 0:00:02]} Ka6 {[%emt 0:00:02]} 33. b4 {[%emt 0:00:01]} Rf8 {[%emt 0:00:02]} 34. Bg3 {[%emt 0:00:02]} Rf5 {[%emt 0:00:02]} 35. Rg7 {[%emt 0:00:02]} Re5 {[%emt 0:00:01]} 36. h4 {[%emt 0:00:01]} Re2 {[%emt 0:00:03]} 37. Rdd7 {[%emt 0:00:02]} Ra2 {[%emt 0:00:00]} 38. Rxb7 {[%emt 0:00:02] Zaman (Lag: Av=0.34s, max=0.4s)} 1-0

[Event "Stay Safe Play From Home 173"]
[Site "T#646330Emanuel Laske"]
[Date "2020.05.25"]
[Round "8"]
[White "Tunca"]
[Black "The Next Contender"]
[Result "1-0"]
[WhiteElo "1828"]
[BlackElo "1942"]
[Annotator "TA"]
[PlyCount "47"]
[EventDate "2020.05.25"]
[EventType "swiss (blitz)"]

{[%evp 15,46,24,55,21,19,1,11,0,32,0,0,-20,17,-33,41,40,41,43,47,-27,33,38,49,29,40,8,48,43,43,49,51,51,29999]} 1. e4 d5 2. exd5 Qxd5 3. Nf3 Qa5 4. Nc3 c6 5. d4 Bf5 6. Bc4 e6 7. O-O Nf6 8. Re1 Be7 9. Qe2 {B01: Scandinavian Defence.} O-O 10. Bf4 Nbd7 11. h3 {[#] The position is equal.} Qd8 $146 ({Predecessor:} 11... Bb4 12. Bb3 Bxc3 13. bxc3 c5 14. c4 cxd4 15. Nxd4 Bg6 16. Nb5 a6 17. Nd6 Nc5 {0-1 (63) Janik,I (2261)-Vydeslaver,A (2398) Warsaw 2015}) 12. Ne5 Nb6 13. Rad1 Nbd5 14. Bg3 Nb6 (14... Nxc3 $15 15. bxc3 Ne4) 15. Bb3 a5 16. a4 Nbd5 17. Bc4 (17. Qf3 $14) 17... Nb6 (17... Bb4 $11 18. Nxd5 cxd5) 18. Bd3 $14 Bxd3 19. Qxd3 Nbd5 20. Qf3 Nd7 21. Ne4 Nxe5 22. Bxe5 Nf6 23. Qg3 Nxe4 $2 {[%mdl 8192] [#]} (23... g6 $14) 24. Qxg7# {Accuracy: White = 61%, Black = 50%.} ({Less strong is} 24. Rxe4 Bf6 $14) 1-0

[Event "Stay Safe Play From Home 173"]
[Site "T#646330Emanuel Laske"]
[Date "2020.05.25"]
[Round "8"]
[White "matanant"]
[Black "SecantFX"]
[Result "0-1"]
[WhiteElo "1656"]
[BlackElo "1886"]
[Annotator "NA RC"]
[PlyCount "126"]
[EventDate "2020.05.25"]
[EventType "swiss (blitz)"]

1. b3 {[%emt 0:00:01]} b6 {[%emt 0:00:00]} 2. Bb2 {[%emt 0:00:01]} Bb7 {[%emt 0:00:00]} 3. d3 {[%emt 0:00:00]} f6 {[%emt 0:00:00]} 4. e4 {[%emt 0:00:00]} e5 {[%emt 0:00:00]} 5. f3 {[%emt 0:00:00]} d5 {[%emt 0:00:01]} 6. Be2 {[%emt 0:00:00]} d4 {[%emt 0:00:00]} 7. c3 {[%emt 0:00:01]} c5 {[%emt 0:00:00]} 8. cxd4 {[%emt 0:00:01]} exd4 {[%emt 0:00:00]} 9. Nd2 {[%emt 0:00:01]} Nc6 {[%emt 0:00:00]} 10. Kf2 {[%emt 0:00:01]} Bd6 {[%emt 0:00:01]} 11. Nh3 {[%emt 0:00:01]} Be5 {[%emt 0:00:01]} 12. g3 {[%emt 0:00:01]} Nge7 {[%emt 0:00:01]} 13. Kg2 {[%emt 0:00:00]} O-O {[%emt 0:00:01]} 14. f4 {[%emt 0:00:00]} Bc7 {[%emt 0:00:01]} 15. Bg4 {[%emt 0:00:01]} g6 {[%emt 0:00:01]} 16. Be6+ {[%emt 0:00:01]} Kg7 {[%emt 0:00:00]} 17. a3 {[%emt 0:00:02]} Bc8 {[%emt 0:00:00]} 18. Bc4 {[%emt 0:00:02]} a6 {[%emt 0:00:01]} 19. a4 {[%emt 0:00:01]} Na5 {[%emt 0:00:01]} 20. Nf2 {[%emt 0:00:02]} Nxc4 {[%emt 0:00:01]} 21. bxc4 {[%emt 0:00:00]} Nc6 {[%emt 0:00:01]} 22. a5 {[%emt 0:00:01]} Nxa5 {[%emt 0:00:01]} 23. Qa4 {[%emt 0:00:02]} Bd7 {[%emt 0:00:01]} 24. Qc2 {[%emt 0:00:01]} Qc8 {[%emt 0:00:01]} 25. h4 {[%emt 0:00:00]} h5 {[%emt 0:00:01]} 26. Nh3 {[%emt 0:00:02]} Bxh3+ {[%emt 0:00:01]} 27. Rxh3 {[%emt 0:00:01]} Qg4 {[%emt 0:00:00]} 28. Nf3 {[%emt 0:00:01]} Bxf4 {[%emt 0:00:01]} 29. Nh2 {[%emt 0:00:02]} Qxh3+ {[%emt 0:00:05]} 30. Kxh3 {[%emt 0:00:02]} Be3 {[%emt 0:00:00]} 31. g4 {[%emt 0:00:01]} f5 {[%emt 0:00:02]} 32. gxh5 {[%emt 0:00:01]} fxe4 {[%emt 0:00:01]} 33. Rf1 {[%emt 0:00:00]} exd3 {[%emt 0:00:01]} 34. Qxd3 {[%emt 0:00:01]} g5 {[%emt 0:00:07]} 35. Rxf8 {[%emt 0:00:02]} Rxf8 {[%emt 0:00:02]} 36. Ba3 {[%emt 0:00:03]} Nc6 {[%emt 0:00:02]} 37. hxg5 {[%emt 0:00:01]} Ne5 {[%emt 0:00:01]} 38. Qe4 {[%emt 0:00:02]} Bf4 {[%emt 0:00:01]} 39. h6+ {[%emt 0:00:00]} Kh8 {[%emt 0:00:02]} 40. g6 {[%emt 0:00:01]} Rf6 {[%emt 0:00:02]} 41. g7+ {[%emt 0:00:00]} Kg8 {[%emt 0:00:01]} 42. Ng4 {[%emt 0:00:00]} Nxg4 {[%emt 0:00:02]} 43. Kxg4 {[%emt 0:00:00]} Bxh6 {[%emt 0:00:02]} 44. Qd5+ {[%emt 0:00:04]} Kxg7 {[%emt 0:00:00]} 45. Bc1 {[%emt 0:00:01]} Bxc1 {[%emt 0:00:01]} 46. Qd7+ {[%emt 0:00:01]} Rf7 {[%emt 0:00:01]} 47. Qd5 {[%emt 0:00:02]} Bh6 {[%emt 0:00:00]} 48. Kh5 {[%emt 0:00:01]} Rf6 {[%emt 0:00:00]} 49. Qe5 {[%emt 0:00:01]} Kf7 {[%emt 0:00:01]} 50. Qd5+ {[%emt 0:00:01]} Ke7 {[%emt 0:00:01]} 51. Qb7+ {[%emt 0:00:01]} Ke6 {[%emt 0:00:01]} 52. Qxb6+ {[%emt 0:00:01]} Ke5 {[%emt 0:00:00]} 53. Qxc5+ {[%emt 0:00:01]} Kf4 {[%emt 0:00:00]} 54. Qd5 {[%emt 0:00:00]} Rf5+ {[%emt 0:00:00]} 55. Qxf5+ {[%emt 0:00:01]} Kxf5 {[%emt 0:00:01]} 56. c5 {[%emt 0:00:00]} d3 {[%emt 0:00:00]} 57. c6 {[%emt 0:00:00] .} Bf4 {[%emt 0:00:00]} 58. c7 {[%emt 0:00:00]} Bxc7 {[%emt 0:00:01]} 59. Kh6 {[%emt 0:00:00]} d2 {[%emt 0:00:00]} 60. Kg7 {[%emt 0:00:00]} d1=Q {[%emt 0:00:00]} 61. Kf7 {[%emt 0:00:00]} a5 {[%emt 0:00:00]} 62. Ke7 {[%emt 0:00:00]} Be5 {[%emt 0:00:00]} 63. Kf7 {[%emt 0:00:00]} a4 {[%emt 0:00:00]} 0-1

[Event "Stay Safe Play From Home 173"]
[Site "T#646330Emanuel Laske"]
[Date "2020.05.25"]
[Round "8"]
[White "Majstor-resa"]
[Black "DoRuKMaNN"]
[Result "0-1"]
[WhiteElo "1634"]
[BlackElo "1641"]
[Annotator "NA RC"]
[PlyCount "64"]
[EventDate "2020.05.25"]
[EventType "swiss (blitz)"]

1. d4 {[%emt 0:00:01]} d5 {[%emt 0:00:01]} 2. Nf3 {[%emt 0:00:00]} c6 {[%emt 0:00:01]} 3. Nc3 {[%emt 0:00:00]} Bg4 {[%emt 0:00:01]} 4. Bg5 {[%emt 0:00:01]} h6 {[%emt 0:00:02]} 5. Bh4 {[%emt 0:00:01]} Nf6 {[%emt 0:00:01]} 6. Qd3 {[%emt 0:00:01]} e6 {[%emt 0:00:01]} 7. O-O-O {[%emt 0:00:01]} Be7 {[%emt 0:00:01]} 8. Ne5 {[%emt 0:00:01]} Bf5 {[%emt 0:00:01]} 9. Qd2 {[%emt 0:00:03]} Nbd7 {[%emt 0:00:00]} 10. f3 {[%emt 0:00:01]} Qc7 {[%emt 0:00:02]} 11. Bg3 {[%emt 0:00:03]} Nxe5 {[%emt 0:00:02]} 12. Bxe5 {[%emt 0:00:02]} Qd7 {[%emt 0:00:01]} 13. g4 {[%emt 0:00:01]} Bh7 {[%emt 0:00:01]} 14. h4 {[%emt 0:00:01]} O-O-O {[%emt 0:00:01]} 15. Bh3 {[%emt 0:00:02]} c5 {[%emt 0:00:02]} 16. Nb1 {[%emt 0:00:03]} Ne8 {[%emt 0:00:03]} 17. Qc3 {[%emt 0:00:04]} f6 {[%emt 0:00:02]} 18. Bg3 {[%emt 0:00:02]} Qc6 {[%emt 0:00:01]} 19. g5 {[%emt 0:00:06]} hxg5 {[%emt 0:00:02]} 20. hxg5 {[%emt 0:00:01]} Nc7 {[%emt 0:00:03]} 21. gxf6 {[%emt 0:00:02]} gxf6 {[%emt 0:00:01]} 22. dxc5 {[%emt 0:00:02]} Bxc5 {[%emt 0:00:01]} 23. e4 {[%emt 0:00:02]} dxe4 {[%emt 0:00:01]} 24. fxe4 {[%emt 0:00:01]} Bxe4 {[%emt 0:00:02]} 25. Rhe1 {[%emt 0:00:04]} f5 {[%emt 0:00:01]} 26. Bf1 {[%emt 0:00:02]} Nd5 {[%emt 0:00:01]} 27. Qc4 {[%emt 0:00:01]} Ne3 {[%emt 0:00:01]} 28. Rxd8+ {[%emt 0:00:03]} Rxd8 {[%emt 0:00:02]} 29. Nc3 {[%emt 0:00:01]} Nxc4 {[%emt 0:00:01]} 30. Nxe4 {[%emt 0:00:02]} fxe4 {[%emt 0:00:02]} 31. Bxc4 {[%emt 0:00:01]} Be3+ {[%emt 0:00:02]} 32. Kb1 {[%emt 0:00:01]} Qxc4 {[%emt 0:00:00] Zeit (Lag: Av=0.63s, max=2.8s)} 0-1

[Event "Stay Safe Play From Home 173"]
[Site "T#646330Emanuel Laske"]
[Date "2020.05.25"]
[Round "8"]
[White "Trotsky"]
[Black "Tobo Rubirosa"]
[Result "1-0"]
[WhiteElo "1505"]
[BlackElo "1542"]
[Annotator "NA RC"]
[PlyCount "57"]
[EventDate "2020.05.25"]
[EventType "swiss (blitz)"]

1. d4 {[%emt 0:00:01]} Nf6 {[%emt 0:00:02]} 2. e3 {[%emt 0:00:01]} g6 {[%emt 0:00:00]} 3. c4 {[%emt 0:00:01]} Bg7 {[%emt 0:00:01]} 4. Nc3 {[%emt 0:00:01]} O-O {[%emt 0:00:00]} 5. Bd3 {[%emt 0:00:01]} c5 {[%emt 0:00:01]} 6. Qc2 {[%emt 0:00:01]} d5 {[%emt 0:00:01]} 7. Nf3 {[%emt 0:00:02]} dxc4 {[%emt 0:00:02]} 8. Bxc4 {[%emt 0:00:01]} a6 {[%emt 0:00:01]} 9. Ng5 {[%emt 0:00:02]} b5 {[%emt 0:00:01]} 10. Bd3 {[%emt 0:00:01]} Nc6 {[%emt 0:00:04]} 11. a3 {[%emt 0:00:02]} cxd4 {[%emt 0:00:01]} 12. Nce4 {[%emt 0:00:01]} Nxe4 {[%emt 0:00:04]} 13. Bxe4 {[%emt 0:00:01]} d3 {[%emt 0:00:04]} 14. Bxd3 {[%emt 0:00:01]} Bb7 {[%emt 0:00:03]} 15. Bd2 {[%emt 0:00:01]} Rc8 {[%emt 0:00:01]} 16. h4 {[%emt 0:00:02]} Nb4 {[%emt 0:00:01]} 17. Qb1 {[%emt 0:00:06]} Nxd3+ {[%emt 0:00:02]} 18. Kf1 {[%emt 0:00:01]} Qd5 {[%emt 0:00:03]} 19. e4 {[%emt 0:00:03]} Qd4 {[%emt 0:00:03]} 20. Be3 {[%emt 0:00:02]} Qxb2 {[%emt 0:00:02]} 21. Qd1 {[%emt 0:00:02]} Qc3 {[%emt 0:00:03]} 22. h5 {[%emt 0:00:02]} Qc4 {[%emt 0:00:01]} 23. Kg1 {[%emt 0:00:02]} Qc7 {[%emt 0:00:05]} 24. hxg6 {[%emt 0:00:01]} hxg6 {[%emt 0:00:02]} 25. Nh7 {[%emt 0:00:11]} Rcd8 {[%emt 0:00:01]} 26. Qg4 {[%emt 0:00:02]} Ne5 {[%emt 0:00:01]} 27. Qh4 {[%emt 0:00:01]} Qc6 {[%emt 0:00:05]} 28. Nf6+ {[%emt 0:00:02]} Bxf6 {[%emt 0:00:04]} 29. Qh7# {[%emt 0:00:01] (Lag: Av=0.99s, max=1.6s)} 1-0

[Event "Stay Safe Play From Home 173"]
[Site "T#646330Emanuel Laske"]
[Date "2020.05.25"]
[Round "9"]
[White "praveen prasad"]
[Black "SoulofWolf"]
[Result "1-0"]
[WhiteElo "2277"]
[BlackElo "2226"]
[Annotator "TA"]
[PlyCount "87"]
[EventDate "2020.05.25"]
[EventType "swiss (blitz)"]

{[%evp 9,86,4,0,-9,28,14,12,4,15,14,21,-30,-37,-75,-51,-75,20,-155,144,48,92,75,114,118,120,22,47,-110,168,156,142,141,198,215,233,197,210,202,252,171,158,160,304,256,247,253,404,389,470,448,470,439,515,481,640,214,29985,29986,29986,29987,29987,29988,29996,29988,29991,2263,29989,1863,29992,4894,29994,29995,29998,29995,29995,29996,29996,29997,29999]} 1. e4 e6 2. e5 d5 3. exd6 cxd6 4. d4 Nf6 5. c3 Be7 6. Bd3 {[#] C00: French: Unusual White 2nd moves.} b6 $146 ({Predecessor:} 6... Nbd7 7. a4 b6 8. Qf3 Rb8 9. Qg3 e5 10. h4 Nh5 11. Qf3 Nhf6 12. h5 Bb7 {1-0 (40) Glavan,S (2285)-Anibas,J (2000) Caorle 1989}) 7. Qf3 d5 8. Ne2 {The position is equal.} Nc6 9. O-O O-O 10. Bg5 (10. Bf4 $142) 10... e5 $11 {And now ...e4 would win.} 11. dxe5 Nxe5 12. Qg3 h6 (12... Bd6 $17) 13. Bxh6 $2 (13. Qxe5 $11 hxg5 14. Qxg5) 13... Ng6 $2 (13... Nfg4 $17 {aiming for ...Bh4.} 14. Bf4 Bh4 15. Bxe5 Bxg3 16. Bxg3 Qg5) 14. Bg5 $40 {[%mdl 128] White has some attack.} (14. Bxg6 $16 {White threatens Bh7+! and mate.} fxg6 15. Qxg6) 14... Ne4 15. Bxe4 Bxg5 16. Bxg6 fxg6 17. f4 (17. Nd4 $16) 17... Bf6 {Strongly threatening ...Ba6.} 18. Qxg6 $2 (18. Qf3 $14 {keeps the upper hand.}) 18... Be7 $2 {[%mdl 8192] This move loses the game for Black.} (18... Ba6 $17 {stays on course.} 19. Rf2 Qe7) 19. Nd2 $18 Bf5 20. Qg3 Bh4 (20... Bc5+ $16 {was necessary.} 21. Nd4 Qd6) 21. Qf3 Qd7 22. h3 Rad8 23. Nd4 Bh7 24. g3 Bf6 25. g4 Rfe8 (25... Bg5 $16) 26. Rae1 Bxd4+ 27. cxd4 Rf8 (27... Be4 $142 28. Nxe4 Rxe4 29. Rxe4 dxe4 30. Qxe4 Qxd4+ 31. Qxd4 Rxd4) 28. f5 Rf7 29. Qf4 Rdf8 30. Nf3 Qc7 31. Ne5 Re7 32. g5 $2 (32. Rc1 Qb7 33. Qg5) 32... Rfe8 $2 (32... Rxf5 $18 33. Qh4 Rxf1+ 34. Rxf1 Rxe5 35. dxe5 Qxe5) 33. f6 gxf6 34. gxf6 Rf7 35. Kh1 Kh8 36. Qg5 Rg8 37. Nxf7+ Qxf7 38. Qf4 (38. Qh4 $142 a6 39. Rg1 Rg6 40. Rxg6 Qxg6 41. Rg1 Kg8 42. Qh6 Qxg1+ 43. Kxg1) 38... Rf8 {[#]} 39. Re7 (39. Qh6 $142 $1 Rb8 40. Rg1 Rb7 {[#]} 41. Rg7 $1 {[%mdl 512]} Qxg7 {[%mdl 64] Remove Defender} 42. fxg7+ Kg8 43. Re8+ Kf7 44. Qxh7 Kf6 45. Qh6+ Kf7 46. g8=Q#) 39... Rg8 40. Rxf7 {White mates.} Bg6 {[#]} 41. Rh7+ $1 {[%mdl 64] Promotion} Bxh7 {[#]} 42. Qh4 $1 Rf8 43. f7 {[%cal Rh4f6]} Kg7 44. Qf6# {Accuracy: White = 56%, Black = 32%.} 1-0

[Event "Stay Safe Play From Home 173"]
[Site "T#646330Emanuel Laske"]
[Date "2020.05.25"]
[Round "9"]
[White "Lazieri3"]
[Black "Weltszmerc"]
[Result "0-1"]
[WhiteElo "2124"]
[BlackElo "2081"]
[Annotator "TA"]
[PlyCount "58"]
[EventDate "2020.05.25"]
[EventType "swiss (blitz)"]

{[%evp 9,58,24,35,38,43,18,27,0,22,-20,-10,-250,-37,-48,-47,-220,-97,-89,-90,-153,-92,-132,-74,-492,198,-1019,-1012,-1012,-988,-1002,-985,-1478,-1427,-6387,-6379,-5581,-5485,-5946,-5925,-2579,-2506,-29990,-29967,-29991,-29989,-29997,-29993,-29993,-29994,-29996,-29997]} 1. e4 Nf6 2. e5 Nd5 3. d4 d6 4. exd6 cxd6 5. c3 Nb6 6. Nf3 {B03: Alekhine's Defence: Four Pawns Attack.} g6 7. Bd3 Bg7 8. Be3 {White has an edge.} O-O {[#]} 9. Qd2 $146 ({Predecessor:} 9. O-O e5 10. dxe5 dxe5 11. Qc2 f5 12. Bxb6 Qxb6 13. Bc4+ Kh8 14. Qb3 Qf6 15. Nbd2 {0-1 (31) Kalyan,R (1563)-Srijit,P (2347) Khalpara 2018}) 9... e5 10. Bh6 $2 {[#]} (10. dxe5 $11 {and White has nothing to worry.} dxe5 11. O-O) 10... Bg4 $2 (10... e4 $1 $19 {[%cal Re4f3][%mdl 512]} 11. Bxg7 (11. Bxe4 Re8) 11... Kxg7 12. Bxe4 Re8) 11. Bxg7 Kxg7 12. Na3 $2 {[#]} (12. Be2 $15) 12... Bxf3 (12... e4 $1 $19 {[%cal Re4d3][%mdl 512]} 13. Bxe4 Re8) 13. gxf3 $17 exd4 14. cxd4 (14. O-O-O $142) 14... Qe7+ ({Black should try} 14... Re8+ 15. Be2 Qf6) 15. Qe3 Re8 (15... Qf6 $142 {aiming for ...Nc6.} 16. O-O-O Nc6) 16. Kd2 $2 {[%mdl 8192]} (16. Qxe7 $17 {is a better chance.} Rxe7+ 17. Kf1) 16... Qf6 $4 {[%mdl 8192]} (16... Qd8 $19 {and all is fine.} 17. Qf4 Nd5) 17. Nc4 $4 {[%mdl 8192]} (17. Qxe8 $18 Nc6 18. Qe4) 17... Rxe3 $19 18. fxe3 Nxc4+ 19. Bxc4 Nc6 20. a3 {[#]} Nxd4 $1 21. exd4 Qxd4+ {[%mdl 64] Double Attack} 22. Bd3 Qxb2+ 23. Bc2 Rc8 24. Rac1 Qd4+ 25. Ke2 Re8+ {Black mates.} 26. Kf1 {[#]} Qe3 $1 27. Rd1 Qe2+ 28. Kg1 Qxc2 29. Rf1 Re2 {Accuracy: White = 18%, Black = 51%.} 0-1

[Event "Stay Safe Play From Home 173"]
[Site "T#646330Emanuel Laske"]
[Date "2020.05.25"]
[Round "9"]
[White "Archi-ak"]
[Black "Trotsky"]
[Result "1-0"]
[WhiteElo "2019"]
[BlackElo "1524"]
[Annotator "TA"]
[PlyCount "28"]
[EventDate "2020.05.25"]
[EventType "swiss (blitz)"]

{[%evp 9,28,0,0,-8,14,1,4,-15,122,14,64,-31,107,103,111,109,310,300,277,291,1140]} 1. Nf3 d5 2. g3 e6 3. Bg2 c5 4. O-O Nc6 5. d3 Bd6 6. Nbd2 {A08: King's Indian Attack.} Qc7 7. c3 Nf6 8. e4 {[#] The position is equal.} Ng4 $146 (8... O-O $11) ({Predecessor:} 8... O-O 9. Re1 Ng4 10. Nf1 dxe4 11. Rxe4 f5 12. Re1 h6 13. Ne3 Qf7 14. Nc4 Bc7 {1-0 (37) Ruotanen,H (1929)-Rantamo,K (1799) Naantali 2017}) 9. h4 (9. d4 $16) 9... h5 10. Qc2 ({White should play} 10. d4 $14) 10... Bxg3 (10... O-O $15 {stays ahead.}) 11. fxg3 $16 {Strongly threatening exd5.} Qxg3 {...Ne3! is the strong threat.} 12. exd5 {And now Ne4 would win.} Nce5 $2 {[#]} (12... Qxg2+ $16 13. Kxg2 Ne3+ {[%mdl 64] Double Attack} 14. Kf2 Nxc2) 13. Ne4 $1 $18 {[%csl LRc5,LRg3][%cal Re4g3]} Nxf3+ 14. Rxf3 Qxg2+ $2 {Accuracy: White = 63%, Black = 24%.} (14... Qh2+ 15. Kf1 O-O) 1-0